000 00381nam a22001457a 4500
999 _c193654
_d193654
008 221107b ||||| |||| 00| 0 eng d
082 _a509.22-GOE
100 _aGOEL,MALTI
245 _aTHE STORY OF HELIUM
_hENGLISH
260 _aNEW DELHI
_bA.I.C.B
_cROHINI
270 _aA.I.C.B ,ROHINI NEW DELHI
300 _a.
_b.
_c12X13
490 _v1
942 _2ddc
_cBRLEN
_k509.22
_mGOE